000 01212cam a2200349 a 4500
001 7632591
003 ARRUPE
005 20140103130106.0
008 090627s2009 enk 000 0 eng
020 _a9781441162724 (pbk.)
020 _a1441162720 (pbk.)
024 _a99936275812
035 _a(NhCcYBP)om2690696
035 _a(OCoLC)332863810
035 _a(NNC)7632591
040 _aUKM
_cUKM
_dYDXCP
_dEMT
050 4 _aBX8.3
_b.K377 2009
100 1 _aKasper, Walter,
_d1933-
_96493
245 1 0 _aHarvesting the fruits :
_bbasic aspects of Christian faith in ecumenical dialogue /
_cCardinal Walter Kasper.
260 _aLondon ;
_aNew York :
_bContinuum,
_c2009.
263 _a2009/10
300 _axv, 207 p. ;
_c20 cm.
504 _aIncludes bibliographical references.
505 0 _aFundamentals of our common faith : Jesus Christ and the Holy Trinity -- Salvation, justification, sanctification -- The church -- The sacraments of baptism and eucharist.
650 0 _aEcumenical movement.
_96494
650 0 _aChristian union.
_96495
942 _2lcc
_cMONOGRAPH
948 1 _a20100219
_bc
_cvt2130
_dMPS
987 _a100519789
999 _c119496
_d119496